000 00685nam a2200289Ia 4500
005 20260324120455.0
008 008 260324s9999 xx 000 0 eng d
020 _a9781315551807
037 _aEBOOK
040 _aCRL
040 _beng
040 _cCRL
041 _2eng
041 _aeng
084 _qCRL
100 _aWilliam Smith
_91158712
245 4 _aThe Use of Hereford
245 4 _bThe Sources of a Medieval English Diocesan Rite
260 _bTaylor and Francis
260 _c2015
365 _a
365 _b360
856 _uhttp://www.taylorfrancis.com/books/9781315551807
942 _cEBOOK
999 _c1750261
_d1750261